Algebra

Guardat en:
Dades bibliogràfiques
Autor principal: Baldor, Aurelio (Autor)
Format: Llibre
Idioma:espanyol
Publicat: Ciudad de México Publicaciones Cultural 2005
Edició:1a. ed
Matèries:
Etiquetes: Afegir etiqueta
Sense etiquetes, Sigues el primer a etiquetar aquest registre!

MARC

LEADER 00000nam a2200000 a 4500
001 UCI5154
003 CL-VaPUC
008 080314e20050000MX |||||||||||||||||spa|d
020 |a 9702407796 
082 0 4 |a 512  |b BAL  |2 21 
100 0 |a Baldor, Aurelio  |e author  |9 527264 
245 1 0 |a Algebra 
250 |a 1a. ed 
300 |a 574 p 
942 |c BK 
945 |d 20080314 00:00:00  |a jtorresc 
260 |a Ciudad de México  |b Publicaciones Cultural  |c 2005 
650 0 |a Álgebra  |9 259567 
650 0 |a Ecuaciones  |9 260137 
650 0 |a Logaritmos  |9 260266 
583 |a last modification  |c 20080314 00:00:00  |k Rodrigo Vera 
999 |c 328917  |d 328915